| 000 | 01596pam a2200421 i 4500 | ||
|---|---|---|---|
| 001 | BK0012411824 | ||
| 003 | DLC | ||
| 005 | 20241220134854.0 | ||
| 008 | 130328s2013 nyu 000 1 eng | ||
| 010 | _a2013008797 | ||
| 020 |
_a9781476710761 : HRD _c$27.99 |
||
| 020 |
_a1476710767 : HRD _c$27.99 _z9781476710785 (E-book) |
||
| 037 |
_bSimon & Schuster, Order Dept 100 Front st, Riverside, NJ, USA, 08075 _nSAN 200-2442 |
||
| 040 |
_aDLC _beng _cDLC _erda _dNjBwBT _dIMmBT |
||
| 050 | 0 | 0 |
_aPS3552.U723 _bL54 2013 |
| 082 | 0 | 0 |
_a813/.54 _223 |
| 092 | _a813.5400 | ||
| 092 | _aBURKE | ||
| 100 | 1 |
_aBurke, James Lee, _d1936- _922863 |
|
| 245 | 1 | 0 |
_aLight of the world / _bA Dave Robicheaux Novel _cJames Lee Burke. |
| 250 | _aFirst Simon & Schuster hardcover edition. | ||
| 260 |
_bSimon & Schuster _c2013 |
||
| 264 | 1 |
_aNew York : _bSimon & Schuster, _c2013. |
|
| 300 |
_a548 pages ; _c25 cm. |
||
| 336 | _atext | ||
| 337 | _aunmediated | ||
| 338 | _avolume | ||
| 490 | 1 | _aA Dave Robicheaux novel | |
| 520 | _aA summer getaway in Montana for Dave Robicheaux's family and friends is violently shattered by the arrival of serial killer and prison escapee Asa Surrette. | ||
| 650 | 0 |
_aRobicheaux, Dave (Fictitious character) _vFiction. _95738934 |
|
| 650 | 0 |
_aGood and evil _vFiction. _95674230 |
|
| 651 | 0 |
_aKansas _vFiction. _95675532 |
|
| 655 | 7 |
_aMystery fiction. _2gsafd _96256684 |
|
| 655 | 7 |
_aSuspense fiction. _2gsafd _96256685 |
|
| 800 | 1 |
_aBurke, James Lee, _d1936- _tDave Robicheaux novel. _95919707 |
|
| 942 |
_cBOOK _021 |
||
| 998 | _aa174374 | ||
| 999 |
_c98995 _d98995 |
||